1730 1912 1358 1882 1788 1038 1270 1661 1186 1821 1699 1214 1608 1261 1521 1852 1489 1545 1357 1833 1216 1153 1298 1674 1087 1860 1731 1798 1974 1874 1722 1745 1488 1057 1716 1989 1762 1419 1955 1545 1587 1828 1479 1657 1684 1947 1255 1617 1982 1587 1565 1629 1717 1388 1140 1713 1338 1045 1165 1269 1232 1254 1908 1230 1545 1586 1392 1437 1263 1780 1758 1131 1031 1913 1879 1045 1398 1599 1170 1195 1646 1825 1997 1147 1087 1664 1418 1942 1972 1647 1036 1962 1992 1740 1389 1877 1716 1073 1964 BCNSPRNW ULIB Ver.6.0+V

เปลี่ยนเป็นภาษาไทย

Change to English
 แสดงรายละเอียดบรรณานุกรม
  กลับหน้าหลัก

Brief Record : Get Marc (ISO 2709) : E-mail record : QR code < ปิดหน้าต่าง
LEADER : 00000nam 2200000uu 4500
001    13399112578
003     ULIB
008    110824s2553||||th 000 0 tha d
020    9786167346038
090    นว.^bธ814บ 2553
100 0  เธียรธีรินทร์
245 00 บัลลังก์ไข่มุก/^cเธียรธีรินทร์
250    พิมพ์ครั้งที่ 1
260    กรุงเทพฯ :^bSimpy Book,^c2553
300    320 หน้า
710 1  Simpy Book
945    ^p225^l0^i028085
995    ทศพร
999     ^aใช้งานได้ทุกระบบ
รายการนี้ยังไม่มีแท็ก
คุณยังไม่ได้ล็อกอิน คุณสามารถมีกิจกรรมร่วมกับเว็บไซต์ได้ แต่ต้องล็อกอินก่อน ::
  ล็อกอิน

รายการสื่อสารสนเทศ

ลำดับที่ ประเภท เลขเรียก/บาร์โค้ด สถานที่ สถานะ
- ไม่พบข้อมูล -

BibComment


ยังไม่เคยถูกคอมเมนท์

คอมเมนท์ทรัพยากรรายการนี้
  คอมเมนท์: บัลลังก์ไข่มุก เธ..


 Copyright 2026. Bcnsprnw @Library